000 006430000a22001810004500
003 MACL
005 20160227172331.0
008 160227b xxu||||| |||| 00| 0 eng d
040 _aMACL
_cMACL
041 _aHindi
082 _a800
100 _aडॉ माधवप्रसाद पाण्‍डेय
_941106
245 _aस्‍वामी रामचरण जीवनी एवं कृतियों का अध्‍ययन
260 _bहिन्‍दी साहित्‍य सम्‍मेलन
_c1982
_aप्रयाग
350 _a50
650 _aLiteracture
_939932
942 _cHIN
_k800
_2ddc
999 _c27921
_d27921